Dogma y moral comunistas: resumen de la obra de S.E.R. monseñor Ancel, obispo auxiliar de Lyon
Saved in:
| Format: | Bog |
|---|---|
| Sprog: | spansk |
| Udgivet: |
Santiago
Paulinas
1964
|
| Serier: | Nuestro Tiempo, 8
|
| Fag: | |
| Tags: |
Tilføj Tag
Ingen Tags, Vær først til at tagge denne postø!
|
MARC
| LEADER | 00000nam a2200000 a 4500 | ||
|---|---|---|---|
| 001 | UCL5170 | ||
| 003 | CL-VaPUC | ||
| 008 | 040305e19640000CL |||||||||||||||||spa|d | ||
| 082 | 0 | 4 | |a 261.7 |b DOG |2 21 |
| 245 | 1 | 0 | |a Dogma y moral comunistas: resumen de la obra de S.E.R. monseñor Ancel, obispo auxiliar de Lyon |
| 300 | |a 86 p | ||
| 942 | |c BK | ||
| 945 | |d 20040305 00:00:00 |a vberengu | ||
| 260 | |a Santiago |b Paulinas |c 1964 | ||
| 600 | 0 | |a ANCEL, ALFRED |9 482873 | |
| 650 | 0 | |a Comunismo |9 255588 | |
| 650 | 0 | |a Iglesia católica y problemas sociales |9 255796 | |
| 583 | |a last modification |c 20040305 00:00:00 |k Rodrigo Vera | ||
| 490 | 0 | |a Nuestro Tiempo, 8 | |
| 999 | |c 307838 |d 307836 | ||
| 952 | |0 0 |1 0 |4 0 |6 261_700000000000000_DOG_1964 |7 0 |8 A |9 373970 |a BIBTEO |b BIBTEO |d 2019-11-21 |i 2104814 |o 261.7 DOG 1964 |p 2104814 |r 2025-01-17 |w 2019-11-21 |y BK |k ICR | ||